L'art italien /
Descripción Física:
9 pàg., 171 làm. : il. col. ; 23 cm
Materias:
Art italià -- Catàlegs
; Art italià -- Exposicions
; Art italià -- Llibres de làmines
; Fons Joan Junyer i Pascual (1909-1994)
Idioma:
French
MARC
| LEADER | 00000nam a22000007a 4500 | ||
|---|---|---|---|
| 001 | 24804 | ||
| 003 | AGDB | ||
| 005 | 20260324181536.0 | ||
| 008 | 251015b fr ||||| |||| 00| 0 fre d | ||
| 041 | |a fre | ||
| 100 | |a Escholier, Raymond, |d 1882-1971 |9 72523 | ||
| 245 | |a L'art italien / |c introduction de Raymond Escholier, conservateur du Petit Palais | ||
| 260 | |a Paris : |b Librairie Floury , |c 1935 | ||
| 300 | |a 9 pàg., 171 làm. : |b il. col. ; |c 23 cm | ||
| 500 | |a Prové del fons Joan Junyer i Pascual (1909-1994) | ||
| 500 | |a Falten làmines 172-176 | ||
| 504 | |a Índex de gravats | ||
| 650 | 0 | |a Art italià |2 lemac |9 72489 |v Catàlegs | |
| 650 | 0 | |a Art italià |2 lemac |9 72489 |v Exposicions | |
| 650 | 0 | |a Art italià |2 lemac |9 72489 |v Llibres de làmines | |
| 650 | 0 | |a Fons Joan Junyer i Pascual (1909-1994) |9 72777 | |
| 942 | |2 udc |c ARXIU |n 1 | ||
| 952 | |0 0 |1 0 |4 0 |6 F50485 |7 1 |9 98482 |a Arxiu |b Arxiu |d 2025-10-15 |l 0 |o F-504-85 |p 24804 |r 2025-10-15 13:53:47 |w 2025-10-15 |y ARXIU | ||
| 999 | |c 130235 |d 130235 | ||